000 00590nam a22001937a 4500
003 OSt
005 20140310182959.0
008 130208t xxu||||| |||| 00| 0 eng d
020 _a9789715425889
050 _aBF 108.P5
_b.En72 2008
100 _aEnriquez, Virgilio G.
245 _aFrom colonial to liberation psychology :
_bthe Philippine experience /
_cVirgilio G. Enriquez.
260 _aDiliman, Quezon City :
_bUP Press,
_c2008.
300 _a175 p. :
_c25 cm.
_bill. ;
521 _aPSYCH
650 _aPsychology
_xPhilippines
_xHistory
942 _2lcc
_cBK
_kLOC
999 _c18066
_d18066